Toutes les gares ferroviaires des Hautes Alpes - Statistiques

Statistiques générales
  • Ce quiz a été pris 22 fois
  • Le résultat moyen est 7 sur 10
Statistiques - réponses
Fréquentation annuelle Nom de la gare % Correct
220 693 Briançon
100%
365 395 Gap
100%
30 519 Chorges
81%
136 541 Embrun
81%
13 012 Serres
71%
91 712 Mont-Dauphin - Guillestre
62%
23 702 Laragne
57%
61 284 L'Argentière-les-Ecrins
57%
92 146 Veynes - Dévoluy
48%
6 784 Aspres-sur-Buëch
38%
Aucun quiz correspondant
Distribution des résultats
% des personnes avec chaque résultat
Percentile par nombre de réponses
Votre historique - résultats
Vous n’avez pas pris ce quiz